[Event "Irena Warakomska Memorial B"]
[Site "Suwalki"]
[Date "2020.08.08"]
[Round "3"]
[White "Racis, Michal"]
[Black "Palejko, Maria"]
[Result "0-1"]
[Board "20"]
[WhiteElo "1554"]
[WhiteCountry "POL"]
[WhiteFideId "21886717"]
[WhiteEloChange "-17"]
[BlackElo "1263"]
[BlackCountry "POL"]
[BlackFideId "21838208"]
[BlackEloChange "17"]

1. d4 {[%clk 1:30:30]} d5 {[%clk 1:30:30]} 2. Nf3 {[%clk 1:30:30]} Nf6 {[%clk
1:30:30]} 3. Bf4 {[%clk 1:30:30]} e6 {[%clk 1:30:30]} 4. e3 {[%clk 1:30:30]} Bd6
{[%clk 1:30:30]} 5. Bg5 {[%clk 1:30:30]} h6 {[%clk 1:30:30]} 6. Bh4 {[%clk
1:30:30]} Be7 {[%clk 1:30:30]} 7. Bd3 {[%clk 1:30:30]} O-O {[%clk 1:30:30]} 8. c3
{[%clk 1:30:30]} b6 {[%clk 1:30:30]} 9. Nbd2 {[%clk 1:30:30]} Bb7 {[%clk
1:30:30]} 10. Qc2 {[%clk 1:30:30]} Nbd7 {[%clk 1:30:30]} 11. O-O {[%clk 1:30:30]}
c5 {[%clk 1:30:30]} 12. Qd1 {[%clk 1:30:30]} Rc8 {[%clk 1:30:30]} 13. Rc1 {[%clk
1:30:30]} Ne4 {[%clk 1:30:30]} 14. Bxe7 {[%clk 1:30:30]} Qxe7 {[%clk 1:30:30]}
15. Bb1 {[%clk 1:30:30]} f5 {[%clk 1:30:30]} 16. Nxe4 {[%clk 1:30:30]} dxe4
{[%clk 1:30:30]} 17. Nd2 {[%clk 1:30:30]} c4 {[%clk 1:30:30]} 18. Qe2 {[%clk
1:30:30]} b5 {[%clk 1:30:30]} 19. f3 {[%clk 1:30:30]} Nf6 {[%clk 1:30:30]} 20.
fxe4 {[%clk 1:30:30]} fxe4 {[%clk 1:30:30]} 21. Qe1 {[%clk 1:30:30]} e5 {[%clk
1:30:30]} 22. Qg3 {[%clk 1:30:30]} exd4 {[%clk 1:30:30]} 23. exd4 {[%clk
1:30:30]} Rce8 {[%clk 1:30:30]} 24. Rce1 {[%clk 1:30:30]} Bd5 {[%clk 1:30:30]}
25. h3 {[%clk 1:30:30]} b4 {[%clk 1:30:30]} 26. Qe3 {[%clk 1:30:30]} a5 {[%clk
1:30:30]} 27. Bc2 {[%clk 1:30:30]} Qb7 {[%clk 1:30:30]} 0-1

[Event "Irena Warakomska Memorial B"]
[Site "Suwalki"]
[Date "2020.08.08"]
[Round "3"]
[White "Wardziak, Ewa"]
[Black "Borowik, Karol"]
[Result "0-1"]
[Board "21"]
[WhiteElo "1280"]
[WhiteCountry "POL"]
[WhiteFideId "1156373"]
[WhiteEloChange "-5"]
[BlackElo "1472"]
[BlackCountry "POL"]
[BlackFideId "21837147"]
[BlackEloChange "5"]

1. e4 {[%clk 1:30:30]} c5 {[%clk 1:30:30]} 2. Nf3 {[%clk 1:30:30]} d6 {[%clk
1:30:30]} 3. Bc4 {[%clk 1:30:30]} Nc6 {[%clk 1:30:30]} 4. Nc3 {[%clk 1:30:30]} a6
{[%clk 1:30:30]} 5. Ng5 {[%clk 1:30:30]} e6 {[%clk 1:30:30]} 6. d3 {[%clk
1:30:30]} Nf6 {[%clk 1:30:30]} 7. Ne2 {[%clk 1:30:30]} Be7 {[%clk 1:30:30]} 8.
O-O {[%clk 1:30:30]} O-O {[%clk 1:30:30]} 9. Be3 {[%clk 1:30:30]} d5 {[%clk
1:30:30]} 10. exd5 {[%clk 1:30:30]} exd5 {[%clk 1:30:30]} 11. Bb3 {[%clk
1:30:30]} d4 {[%clk 1:30:30]} 12. Bd2 {[%clk 1:30:30]} Bf5 {[%clk 1:30:30]} 13.
Ng3 {[%clk 1:30:30]} Bg6 {[%clk 1:30:30]} 14. f4 {[%clk 1:30:30]} h6 {[%clk
1:30:30]} 15. f5 {[%clk 1:30:30]} Bh7 {[%clk 1:30:30]} 16. Nxh7 {[%clk 1:30:30]}
Kxh7 {[%clk 1:30:30]} 17. Nh5 {[%clk 1:30:30]} Rc8 {[%clk 1:30:30]} 18. Rf2
{[%clk 1:30:30]} b5 {[%clk 1:30:30]} 19. Nxf6+ {[%clk 1:30:30]} Bxf6 {[%clk
1:30:30]} 20. c4 {[%clk 1:30:30]} dxc3 {[%clk 1:30:30]} 21. Bxc3 {[%clk 1:30:30]}
Nd4 {[%clk 1:30:30]} 22. Qg4 {[%clk 1:30:30]} b4 {[%clk 1:30:30]} 23. Bd2 {[%clk
1:30:30]} Nxb3 {[%clk 1:30:30]} 24. axb3 {[%clk 1:30:30]} Bd4 {[%clk 1:30:30]}
25. Rxa6 {[%clk 1:30:30]} Bxf2+ {[%clk 1:30:30]} 26. Kxf2 {[%clk 1:30:30]} Qxd3
{[%clk 1:30:30]} 27. Qf4 {[%clk 1:30:30]} Qxa6 {[%clk 1:30:30]} 28. Qe4 {[%clk
1:30:30]} Qf6 {[%clk 1:30:30]} 29. Qc2 {[%clk 1:30:30]} Rfd8 {[%clk 1:30:30]} 30.
g3 {[%clk 1:30:30]} Re8 {[%clk 1:30:30]} 31. h4 {[%clk 1:30:30]} Qd4+ {[%clk
1:30:30]} 32. Kf1 {[%clk 1:30:30]} 0-1

[Event "Irena Warakomska Memorial B"]
[Site "Suwalki"]
[Date "2020.08.08"]
[Round "3"]
[White "Kopaczewski, Zbigniew"]
[Black "Peksa, Zuzanna"]
[Result "1/2-1/2"]
[Board "22"]
[WhiteElo "1464"]
[WhiteCountry "POL"]
[WhiteFideId "1154974"]
[WhiteEloChange "-7"]
[BlackElo "1146"]
[BlackCountry "POL"]
[BlackFideId "21892318"]
[BlackEloChange "7"]

1. g3 {[%clk 1:30:30]} e5 {[%clk 1:30:30]} 2. e3 {[%clk 1:30:30]} Nc6 {[%clk
1:30:30]} 3. b3 {[%clk 1:30:30]} Nf6 {[%clk 1:30:30]} 4. Bg2 {[%clk 1:30:30]} d5
{[%clk 1:30:30]} 5. d3 {[%clk 1:30:30]} Be7 {[%clk 1:30:30]} 6. Bb2 {[%clk
1:30:30]} O-O {[%clk 1:30:30]} 7. Ne2 {[%clk 1:30:30]} Bf5 {[%clk 1:30:30]} 8.
O-O {[%clk 1:30:30]} Qd7 {[%clk 1:30:30]} 9. Nd2 {[%clk 1:30:30]} Bh3 {[%clk
1:30:30]} 10. Nf3 {[%clk 1:30:30]} Bxg2 {[%clk 1:30:30]} 11. Kxg2 {[%clk
1:30:30]} e4 {[%clk 1:30:30]} 12. Nfd4 {[%clk 1:30:30]} Ne5 {[%clk 1:30:30]} 13.
Nf4 {[%clk 1:30:30]} c5 {[%clk 1:30:30]} 14. Nde6 {[%clk 1:30:30]} fxe6 {[%clk
1:30:30]} 15. Bxe5 {[%clk 1:30:30]} exd3 {[%clk 1:30:30]} 16. cxd3 {[%clk
1:30:30]} Rac8 {[%clk 1:30:30]} 17. Rc1 {[%clk 1:30:30]} Bd6 {[%clk 1:30:30]} 18.
Bxd6 {[%clk 1:30:30]} Qxd6 {[%clk 1:30:30]} 19. Qd2 {[%clk 1:30:30]} Ng4 {[%clk
1:30:30]} 20. d4 {[%clk 1:30:30]} cxd4 {[%clk 1:30:30]} 21. Rxc8 {[%clk 1:30:30]}
Rxc8 {[%clk 1:30:30]} 22. Qxd4 {[%clk 1:30:30]} a6 {[%clk 1:30:30]} 23. h3 {[%clk
1:30:30]} Nf6 {[%clk 1:30:30]} 24. Nd3 {[%clk 1:30:30]} Ne4 {[%clk 1:30:30]} 25.
Rc1 {[%clk 1:30:30]} Rc6 {[%clk 1:30:30]} 1/2-1/2

[Event "Irena Warakomska Memorial B"]
[Site "Suwalki"]
[Date "2020.08.08"]
[Round "3"]
[White "Borowik, Grzegorz"]
[Black "Wysocka, Edyta"]
[Result "0-1"]
[Board "26"]
[WhiteElo "1089"]
[WhiteCountry "POL"]
[WhiteFideId "21846413"]
[WhiteEloChange "-4"]
[BlackElo "1318"]
[BlackCountry "POL"]
[BlackFideId "21836663"]
[BlackEloChange "4"]

1. d4 {[%clk 1:30:30]} d5 {[%clk 1:30:30]} 2. c4 {[%clk 1:30:30]} e6 {[%clk
1:30:30]} 3. Nc3 {[%clk 1:30:30]} Nf6 {[%clk 1:30:30]} 4. Nf3 {[%clk 1:30:30]}
Be7 {[%clk 1:30:30]} 5. g3 {[%clk 1:30:30]} O-O {[%clk 1:30:30]} 6. Bg2 {[%clk
1:30:30]} c6 {[%clk 1:30:30]} 7. O-O {[%clk 1:30:30]} Nbd7 {[%clk 1:30:30]} 8.
cxd5 {[%clk 1:30:30]} exd5 {[%clk 1:30:30]} 9. Qc2 {[%clk 1:30:30]} Re8 {[%clk
1:30:30]} 10. Nh4 {[%clk 1:30:30]} Nf8 {[%clk 1:30:30]} 11. Nf5 {[%clk 1:30:30]}
Bxf5 {[%clk 1:30:30]} 12. Qxf5 {[%clk 1:30:30]} Qd7 {[%clk 1:30:30]} 13. Qd3
{[%clk 1:30:30]} Rad8 {[%clk 1:30:30]} 14. Bf4 {[%clk 1:30:30]} Bd6 {[%clk
1:30:30]} 15. Bg5 {[%clk 1:30:30]} Be7 {[%clk 1:30:30]} 16. e3 {[%clk 1:30:30]}
Qc7 {[%clk 1:30:30]} 17. Rac1 {[%clk 1:30:30]} Qb6 {[%clk 1:30:30]} 18. Na4
{[%clk 1:30:30]} Qc7 {[%clk 1:30:30]} 19. Bh3 {[%clk 1:30:30]} Ne4 {[%clk
1:30:30]} 20. Bxe7 {[%clk 1:30:30]} Qxe7 {[%clk 1:30:30]} 21. Rc2 {[%clk
1:30:30]} Rd6 {[%clk 1:30:30]} 22. Rfc1 {[%clk 1:30:30]} Rh6 {[%clk 1:30:30]} 23.
Bg2 {[%clk 1:30:30]} Nd7 {[%clk 1:30:30]} 24. Qb3 {[%clk 1:30:30]} Ndf6 {[%clk
1:30:30]} 25. Nc5 {[%clk 1:30:30]} Nxc5 {[%clk 1:30:30]} 26. Rxc5 {[%clk
1:30:30]} Qd7 {[%clk 1:30:30]} 27. Qa4 {[%clk 1:30:30]} a6 {[%clk 1:30:30]} 28.
Qb3 {[%clk 1:30:30]} Ne4 {[%clk 1:30:30]} 29. R5c2 {[%clk 1:30:30]} Ree6 {[%clk
1:30:30]} 30. f3 {[%clk 1:30:30]} Nd6 {[%clk 1:30:30]} 31. Qd3 {[%clk 1:30:30]}
Nb5 {[%clk 1:30:30]} 32. a4 {[%clk 1:30:30]} Na7 {[%clk 1:30:30]} 33. e4 {[%clk
1:30:30]} Rd6 {[%clk 1:30:30]} 34. e5 {[%clk 1:30:30]} Rde6 {[%clk 1:30:30]} 35.
f4 {[%clk 1:30:30]} Nc8 {[%clk 1:30:30]} 36. f5 {[%clk 1:30:30]} Re8 {[%clk
1:30:30]} 37. a5 {[%clk 1:30:30]} Qe7 {[%clk 1:30:30]} 38. Bxd5 {[%clk 1:30:30]}
Qd7 {[%clk 1:30:30]} 39. Ba2 {[%clk 1:30:30]} Rxe5 {[%clk 1:30:30]} 40. Qc4
{[%clk 1:30:30]} Rxf5 {[%clk 1:30:30]} 41. d5 {[%clk 1:30:30]} Ne7 {[%clk
1:30:30]} 42. dxc6 {[%clk 1:30:30]} Rxc6 {[%clk 1:30:30]} 43. Qe4 {[%clk
1:30:30]} Rxc2 {[%clk 1:30:30]} 44. Qxc2 {[%clk 1:30:30]} Nc6 {[%clk 1:30:30]}
45. Bb1 {[%clk 1:30:30]} g6 {[%clk 1:30:30]} 46. Qc3 {[%clk 1:30:30]} Rd5 {[%clk
1:30:30]} 47. Qf3 {[%clk 1:30:30]} Ne5 {[%clk 1:30:30]} 0-1

[Event "Irena Warakomska Memorial B"]
[Site "Suwalki"]
[Date "2020.08.08"]
[Round "3"]
[White "Zawal, Tomasz"]
[Black "Wiszniewska, Gabriela"]
[Result "1-0"]
[Board "27"]
[WhiteElo "1106"]
[WhiteCountry "POL"]
[WhiteFideId "21895724"]
[WhiteEloChange "12"]
[BlackElo "1194"]
[BlackCountry "POL"]
[BlackFideId "21860513"]
[BlackEloChange "-12"]

1. d4 {[%clk 1:30:30]} d5 {[%clk 1:30:30]} 2. c4 {[%clk 1:30:30]} e6 {[%clk
1:30:30]} 3. Nc3 {[%clk 1:30:30]} Nf6 {[%clk 1:30:30]} 4. Bg5 {[%clk 1:30:30]}
Be7 {[%clk 1:30:30]} 5. e3 {[%clk 1:30:30]} a6 {[%clk 1:30:30]} 6. Nf3 {[%clk
1:30:30]} Nbd7 {[%clk 1:30:30]} 7. c5 {[%clk 1:30:30]} b6 {[%clk 1:30:30]} 8. c6
{[%clk 1:30:30]} Nb8 {[%clk 1:30:30]} 9. Ne5 {[%clk 1:30:30]} h6 {[%clk 1:30:30]}
10. Bf4 {[%clk 1:30:30]} Bd6 {[%clk 1:30:30]} 11. Qa4 {[%clk 1:30:30]} Ng8 {[%clk
1:30:30]} 12. b4 {[%clk 1:30:30]} Ne7 {[%clk 1:30:30]} 13. b5 {[%clk 1:30:30]} f6
{[%clk 1:30:30]} 14. Nf3 {[%clk 1:30:30]} Bxf4 {[%clk 1:30:30]} 15. exf4 {[%clk
1:30:30]} Ng6 {[%clk 1:30:30]} 16. g3 {[%clk 1:30:30]} Qd6 {[%clk 1:30:30]} 17.
Bd3 {[%clk 1:30:30]} Ne7 {[%clk 1:30:30]} 18. O-O {[%clk 1:30:30]} Rg8 {[%clk
1:30:30]} 19. Rfe1 {[%clk 1:30:30]} g5 {[%clk 1:30:30]} 20. fxg5 {[%clk 1:30:30]}
hxg5 {[%clk 1:30:30]} 21. h3 {[%clk 1:30:30]} Kf7 {[%clk 1:30:30]} 22. Re2 {[%clk
1:30:30]} g4 {[%clk 1:30:30]} 23. hxg4 {[%clk 1:30:30]} Rxg4 {[%clk 1:30:30]} 24.
Kg2 {[%clk 1:30:30]} Nf5 {[%clk 1:30:30]} 25. Bxf5 {[%clk 1:30:30]} exf5 {[%clk
1:30:30]} 26. Rae1 {[%clk 1:30:30]} f4 {[%clk 1:30:30]} 27. Re7+ {[%clk 1:30:30]}
Kg6 {[%clk 1:30:30]} 28. Nh4+ {[%clk 1:30:30]} Kh6 {[%clk 1:30:30]} 29. Qc2
{[%clk 1:30:30]} Rg7 {[%clk 1:30:30]} 30. Rxg7 {[%clk 1:30:30]} Kxg7 {[%clk
1:30:30]} 31. Qg6+ {[%clk 1:30:30]} Kf8 {[%clk 1:30:30]} 32. Re8# {[%clk
1:30:30]} 1-0

[Event "Irena Warakomska Memorial B"]
[Site "Suwalki"]
[Date "2020.08.08"]
[Round "3"]
[White "Szczepanska, Jagoda"]
[Black "Walendykiewicz, Martyna"]
[Result "0-1"]
[Board "28"]
[WhiteElo "1015"]
[WhiteCountry "POL"]
[WhiteFideId "21030154"]
[WhiteEloChange "-6"]
[BlackElo "1181"]
[BlackCountry "POL"]
[BlackFideId "21832927"]
[BlackEloChange "6"]

1. e4 {[%clk 1:30:30]} e5 {[%clk 1:30:30]} 2. Nf3 {[%clk 1:30:30]} Nf6 {[%clk
1:30:30]} 3. Nc3 {[%clk 1:30:30]} Bb4 {[%clk 1:30:30]} 4. d3 {[%clk 1:30:30]} Nc6
{[%clk 1:30:30]} 5. Bd2 {[%clk 1:30:30]} h6 {[%clk 1:30:30]} 6. Be2 {[%clk
1:30:30]} d6 {[%clk 1:30:30]} 7. h3 {[%clk 1:30:30]} O-O {[%clk 1:30:30]} 8. Qc1
{[%clk 1:30:30]} Kh7 {[%clk 1:30:30]} 9. O-O {[%clk 1:30:30]} Ne7 {[%clk
1:30:30]} 10. a3 {[%clk 1:30:30]} Bxc3 {[%clk 1:30:30]} 11. Bxc3 {[%clk 1:30:30]}
Ng6 {[%clk 1:30:30]} 12. Bd2 {[%clk 1:30:30]} Be6 {[%clk 1:30:30]} 13. Nh2 {[%clk
1:30:30]} d5 {[%clk 1:30:30]} 14. Bf3 {[%clk 1:30:30]} dxe4 {[%clk 1:30:30]} 15.
dxe4 {[%clk 1:30:30]} Qd7 {[%clk 1:30:30]} 16. Rd1 {[%clk 1:30:30]} Qe7 {[%clk
1:30:30]} 17. Bb4 {[%clk 1:30:30]} c5 {[%clk 1:30:30]} 18. Bc3 {[%clk 1:30:30]}
Rfd8 {[%clk 1:30:30]} 19. Qe3 {[%clk 1:30:30]} b6 {[%clk 1:30:30]} 20. Nf1 {[%clk
1:30:30]} Rxd1 {[%clk 1:30:30]} 21. Rxd1 {[%clk 1:30:30]} Rd8 {[%clk 1:30:30]}
22. Nd2 {[%clk 1:30:30]} Qc7 {[%clk 1:30:30]} 23. Kh2 {[%clk 1:30:30]} a5 {[%clk
1:30:30]} 24. b3 {[%clk 1:30:30]} Ne7 {[%clk 1:30:30]} 25. Bb2 {[%clk 1:30:30]}
Nc6 {[%clk 1:30:30]} 26. Nf1 {[%clk 1:30:30]} Nd4 {[%clk 1:30:30]} 27. Bxd4
{[%clk 1:30:30]} exd4+ {[%clk 1:30:30]} 28. Qf4 {[%clk 1:30:30]} Qxf4+ {[%clk
1:30:30]} 0-1

[Event "Irena Warakomska Memorial B"]
[Site "Suwalki"]
[Date "2020.08.08"]
[Round "3"]
[White "Zapalowska, Wiktoria"]
[Black "Wisniewski, Wiktor"]
[Result "0-1"]
[Board "30"]
[WhiteElo "1250"]
[WhiteCountry "POL"]
[WhiteFideId "21895708"]
[WhiteEloChange "-15"]
[BlackElo "1075"]
[BlackCountry "POL"]
[BlackFideId "1196294"]
[BlackEloChange "15"]

1. e4 {[%clk 1:30:30]} g6 {[%clk 1:30:30]} 2. d4 {[%clk 1:30:30]} Bg7 {[%clk
1:30:30]} 3. Nf3 {[%clk 1:30:30]} c5 {[%clk 1:30:30]} 4. c3 {[%clk 1:30:30]} cxd4
{[%clk 1:30:30]} 5. cxd4 {[%clk 1:30:30]} e6 {[%clk 1:30:30]} 6. Nc3 {[%clk
1:30:30]} Ne7 {[%clk 1:30:30]} 7. Be3 {[%clk 1:30:30]} f5 {[%clk 1:30:30]} 8. e5
{[%clk 1:30:30]} Nbc6 {[%clk 1:30:30]} 9. Nb5 {[%clk 1:30:30]} O-O {[%clk
1:30:30]} 10. Be2 {[%clk 1:30:30]} f4 {[%clk 1:30:30]} 11. Bd2 {[%clk 1:30:30]}
a6 {[%clk 1:30:30]} 12. Nd6 {[%clk 1:30:30]} Nf5 {[%clk 1:30:30]} 13. Nxf5 {[%clk
1:30:30]} Rxf5 {[%clk 1:30:30]} 14. Bd3 {[%clk 1:30:30]} Rf7 {[%clk 1:30:30]} 15.
O-O {[%clk 1:30:30]} d5 {[%clk 1:30:30]} 16. h3 {[%clk 1:30:30]} b5 {[%clk
1:30:30]} 17. a4 {[%clk 1:30:30]} b4 {[%clk 1:30:30]} 18. Bc1 {[%clk 1:30:30]}
Qb6 {[%clk 1:30:30]} 19. Rb1 {[%clk 1:30:30]} Nxd4 {[%clk 1:30:30]} 20. Nxd4
{[%clk 1:30:30]} Qxd4 {[%clk 1:30:30]} 21. Bxg6 {[%clk 1:30:30]} Qxd1 {[%clk
1:30:30]} 22. Bxf7+ {[%clk 1:30:30]} Kxf7 {[%clk 1:30:30]} 23. Rxd1 {[%clk
1:30:30]} Bxe5 {[%clk 1:30:30]} 24. Bd2 {[%clk 1:30:30]} a5 {[%clk 1:30:30]} 25.
b3 {[%clk 1:30:30]} Ba6 {[%clk 1:30:30]} 26. Rbc1 {[%clk 1:30:30]} Kf6 {[%clk
1:30:30]} 27. Rc6 {[%clk 1:30:30]} Be2 {[%clk 1:30:30]} 28. Re1 {[%clk 1:30:30]}
f3 {[%clk 1:30:30]} 29. g3 {[%clk 1:30:30]} h5 {[%clk 1:30:30]} 30. Rec1 {[%clk
1:30:30]} Kf7 {[%clk 1:30:30]} 31. Rc8 {[%clk 1:30:30]} Ra7 {[%clk 1:30:30]} 32.
Bf4 {[%clk 1:30:30]} Bxf4 {[%clk 1:30:30]} 33. gxf4 {[%clk 1:30:30]} Re7 {[%clk
1:30:30]} 34. R1c7 {[%clk 1:30:30]} Rxc7 {[%clk 1:30:30]} 35. Rxc7+ {[%clk
1:30:30]} Kf6 {[%clk 1:30:30]} 36. Rc2 {[%clk 1:30:30]} d4 {[%clk 1:30:30]} 37.
Rd2 {[%clk 1:30:30]} d3 {[%clk 1:30:30]} 38. Kh2 {[%clk 1:30:30]} h4 {[%clk
1:30:30]} 39. Kg1 {[%clk 1:30:30]} Kf5 {[%clk 1:30:30]} 40. Kh2 {[%clk 1:30:30]}
Kxf4 {[%clk 1:30:30]} 41. Kg1 {[%clk 1:30:30]} e5 {[%clk 1:30:30]} 42. Kh2 {[%clk
1:30:30]} e4 {[%clk 1:30:30]} 43. Kg1 {[%clk 1:30:30]} e3 {[%clk 1:30:30]} 44.
fxe3+ {[%clk 1:30:30]} Kxe3 {[%clk 1:30:30]} 45. Rxd3+ {[%clk 1:30:30]} Kxd3
{[%clk 1:30:30]} 46. Kh1 {[%clk 1:30:30]} f2 {[%clk 1:30:30]} 47. Kh2 {[%clk
1:30:30]} f1=R {[%clk 1:30:30]} 48. Kg2 {[%clk 1:30:30]} Rf4 {[%clk 1:30:30]} 49.
Kh2 {[%clk 1:30:30]} Bd1 {[%clk 1:30:30]} 50. Kg2 {[%clk 1:30:30]} Bxb3 {[%clk
1:30:30]} 51. Kh2 {[%clk 1:30:30]} Bxa4 {[%clk 1:30:30]} 52. Kg2 {[%clk 1:30:30]}
b3 {[%clk 1:30:30]} 53. Kh2 {[%clk 1:30:30]} b2 {[%clk 1:30:30]} 54. Kg2 {[%clk
1:30:30]} b1=Q {[%clk 1:30:30]} 55. Kh2 {[%clk 1:30:30]} Qc2+ {[%clk 1:30:30]}
56. Kh1 {[%clk 1:30:30]} Bc6+ {[%clk 1:30:30]} 57. Kg1 {[%clk 1:30:30]} Qg2#
{[%clk 1:30:30]} 0-1

[Event "Irena Warakomska Memorial B"]
[Site "Suwalki"]
[Date "2020.08.08"]
[Round "3"]
[White "Dietrich, Grzegorz"]
[Black "Zalega, Joanna"]
[Result "1/2-1/2"]
[Board "31"]
[WhiteElo "1189"]
[WhiteCountry "POL"]
[WhiteFideId "21023174"]
[WhiteEloChange "-3"]
[BlackElo "1072"]
[BlackCountry "POL"]
[BlackFideId "21847843"]
[BlackEloChange "3"]

1. e4 {[%clk 1:30:30]} c5 {[%clk 1:30:30]} 2. Nf3 {[%clk 1:30:30]} d6 {[%clk
1:30:30]} 3. d4 {[%clk 1:30:30]} cxd4 {[%clk 1:30:30]} 4. Qxd4 {[%clk 1:30:30]}
Nc6 {[%clk 1:30:30]} 5. Bb5 {[%clk 1:30:30]} Bd7 {[%clk 1:30:30]} 6. Bxc6 {[%clk
1:30:30]} Bxc6 {[%clk 1:30:30]} 7. Bg5 {[%clk 1:30:30]} f6 {[%clk 1:30:30]} 8.
Be3 {[%clk 1:30:30]} e5 {[%clk 1:30:30]} 9. Qd3 {[%clk 1:30:30]} d5 {[%clk
1:30:30]} 10. exd5 {[%clk 1:30:30]} Bxd5 {[%clk 1:30:30]} 11. Qe2 {[%clk
1:30:30]} Ne7 {[%clk 1:30:30]} 12. Nc3 {[%clk 1:30:30]} Bc6 {[%clk 1:30:30]} 13.
Nd2 {[%clk 1:30:30]} Nf5 {[%clk 1:30:30]} 14. O-O {[%clk 1:30:30]} Nxe3 {[%clk
1:30:30]} 15. Qxe3 {[%clk 1:30:30]} Qa5 {[%clk 1:30:30]} 16. Nc4 {[%clk 1:30:30]}
Qc5 {[%clk 1:30:30]} 17. Qxc5 {[%clk 1:30:30]} Bxc5 {[%clk 1:30:30]} 18. Rad1
{[%clk 1:30:30]} Bd4 {[%clk 1:30:30]} 19. Nd6+ {[%clk 1:30:30]} Kf8 {[%clk
1:30:30]} 20. Rd2 {[%clk 1:30:30]} Bxc3 {[%clk 1:30:30]} 21. bxc3 {[%clk
1:30:30]} g6 {[%clk 1:30:30]} 22. Rfd1 {[%clk 1:30:30]} Rd8 {[%clk 1:30:30]} 23.
Nxb7 {[%clk 1:30:30]} Rxd2 {[%clk 1:30:30]} 24. Rxd2 {[%clk 1:30:30]} Ke7 {[%clk
1:30:30]} 25. Nc5 {[%clk 1:30:30]} Rc8 {[%clk 1:30:30]} 26. f3 {[%clk 1:30:30]}
Rc7 {[%clk 1:30:30]} 27. Na6 {[%clk 1:30:30]} Rd7 {[%clk 1:30:30]} 28. Rxd7+
{[%clk 1:30:30]} Bxd7 {[%clk 1:30:30]} 29. Kf2 {[%clk 1:30:30]} Kd6 {[%clk
1:30:30]} 30. Ke3 {[%clk 1:30:30]} Kd5 {[%clk 1:30:30]} 31. Kd2 {[%clk 1:30:30]}
f5 {[%clk 1:30:30]} 32. g3 {[%clk 1:30:30]} Ba4 {[%clk 1:30:30]} 33. Nb4+ {[%clk
1:30:30]} Kc4 {[%clk 1:30:30]} 34. a3 {[%clk 1:30:30]} a5 {[%clk 1:30:30]} 35.
Nd3 {[%clk 1:30:30]} Kd5 {[%clk 1:30:30]} 36. Nf2 {[%clk 1:30:30]} Kc4 {[%clk
1:30:30]} 37. Nd1 {[%clk 1:30:30]} Kd5 {[%clk 1:30:30]} 38. Ne3+ {[%clk 1:30:30]}
Kc5 {[%clk 1:30:30]} 39. f4 {[%clk 1:30:30]} e4 {[%clk 1:30:30]} 40. g4 {[%clk
1:30:30]} Bd7 {[%clk 1:30:30]} 41. gxf5 {[%clk 1:30:30]} Bxf5 {[%clk 1:30:30]}
42. h4 {[%clk 1:30:30]} Be6 {[%clk 1:30:30]} 43. Nd1 {[%clk 1:30:30]} Bf5 {[%clk
1:30:30]} 44. Nb2 {[%clk 1:30:30]} Bd7 {[%clk 1:30:30]} 45. Ke3 {[%clk 1:30:30]}
Bc6 {[%clk 1:30:30]} 46. c4 {[%clk 1:30:30]} Bb7 {[%clk 1:30:30]} 47. c3 {[%clk
1:30:30]} Bc6 {[%clk 1:30:30]} 48. Kd2 {[%clk 1:30:30]} Bb7 {[%clk 1:30:30]} 49.
Kc2 {[%clk 1:30:30]} Ba6 {[%clk 1:30:30]} 50. Na4+ {[%clk 1:30:30]} Kxc4 {[%clk
1:30:30]} 51. Nb6+ {[%clk 1:30:30]} Kb5 {[%clk 1:30:30]} 52. Nd5 {[%clk 1:30:30]}
Ka4 {[%clk 1:30:30]} 53. c4 {[%clk 1:30:30]} Bxc4 {[%clk 1:30:30]} 54. Nb6+
{[%clk 1:30:30]} Kb5 {[%clk 1:30:30]} 55. Nd7 {[%clk 1:30:30]} e3 {[%clk
1:30:30]} 56. Ne5 {[%clk 1:30:30]} e2 {[%clk 1:30:30]} 57. Kd2 {[%clk 1:30:30]}
Kc5 {[%clk 1:30:30]} 58. Nf3 {[%clk 1:30:30]} Kd5 {[%clk 1:30:30]} 59. Ng5 {[%clk
1:30:30]} h6 {[%clk 1:30:30]} 60. Nf7 {[%clk 1:30:30]} Ke4 {[%clk 1:30:30]} 61.
Nd6+ {[%clk 1:30:30]} Kd4 {[%clk 1:30:30]} 62. f5 {[%clk 1:30:30]} gxf5 {[%clk
1:30:30]} 63. Nxf5+ {[%clk 1:30:30]} Ke4 {[%clk 1:30:30]} 64. Nxh6 {[%clk
1:30:30]} Kf3 {[%clk 1:30:30]} 65. h5 {[%clk 1:30:30]} Kf2 {[%clk 1:30:30]} 66.
Ng4+ {[%clk 1:30:30]} Kf1 {[%clk 1:30:30]} 67. Ne3+ {[%clk 1:30:30]} Kf2 {[%clk
1:30:30]} 68. Ng4+ {[%clk 1:30:30]} Kf1 {[%clk 1:30:30]} 69. Ne3+ {[%clk
1:30:30]} Kf2 {[%clk 1:30:30]} 70. Ng4+ {[%clk 1:30:30]} 1/2-1/2

[Event "Irena Warakomska Memorial B"]
[Site "Suwalki"]
[Date "2020.08.08"]
[Round "3"]
[White "Maliszewski, Stefan"]
[Black "Dietrich, Pawel"]
[Result "1/2-1/2"]
[Board "32"]
[WhiteElo "1083"]
[WhiteCountry "POL"]
[WhiteFideId "21000034"]
[WhiteEloChange "3"]
[BlackElo "1184"]
[BlackCountry "POL"]
[BlackFideId "21023182"]
[BlackEloChange "-3"]

1. e4 {[%clk 1:30:30]} c5 {[%clk 1:30:30]} 2. Nf3 {[%clk 1:30:30]} d6 {[%clk
1:30:30]} 3. d4 {[%clk 1:30:30]} cxd4 {[%clk 1:30:30]} 4. Nxd4 {[%clk 1:30:30]}
Nf6 {[%clk 1:30:30]} 5. Nc3 {[%clk 1:30:30]} g6 {[%clk 1:30:30]} 6. Bb5+ {[%clk
1:30:30]} Nbd7 {[%clk 1:30:30]} 7. O-O {[%clk 1:30:30]} a6 {[%clk 1:30:30]} 8.
Ba4 {[%clk 1:30:30]} Bg7 {[%clk 1:30:30]} 9. f3 {[%clk 1:30:30]} O-O {[%clk
1:30:30]} 10. Be3 {[%clk 1:30:30]} Nc5 {[%clk 1:30:30]} 11. Bb3 {[%clk 1:30:30]}
e6 {[%clk 1:30:30]} 12. Qd2 {[%clk 1:30:30]} d5 {[%clk 1:30:30]} 13. exd5 {[%clk
1:30:30]} Nxb3 {[%clk 1:30:30]} 14. cxb3 {[%clk 1:30:30]} Nxd5 {[%clk 1:30:30]}
15. Rad1 {[%clk 1:30:30]} Bd7 {[%clk 1:30:30]} 16. Nxd5 {[%clk 1:30:30]} exd5
{[%clk 1:30:30]} 17. Bh6 {[%clk 1:30:30]} Rc8 {[%clk 1:30:30]} 18. Bxg7 {[%clk
1:30:30]} Kxg7 {[%clk 1:30:30]} 19. Rc1 {[%clk 1:30:30]} Qb6 {[%clk 1:30:30]} 20.
Qf2 {[%clk 1:30:30]} Kg8 {[%clk 1:30:30]} 1/2-1/2